00438nam a22001697a 450000500170000000800410001702000260005804000090008404100120009308200150010510000160012024500400013625000080017626000430018430000080022765000330023520260422122135.0260422b |||||||| |||| 00| 0 eng d a9789393168085c995.00 aMAIN aEnglish a660.6bSIN aSingh, B.D. aBiotechnologyb: Expanding Horizons a5th aNew DelhibMedTech Science Pressc2026 a978 aBiological Science (PM USHA)